000 00428nam a22001577a 4500
020 _a978-93-5009-338-2
082 _a920
_bBAI/M
100 _aBAILEY, GERRY
100 _aFOSTER, KAREN
245 _aMARCO POLO
_bTHE WORLD TRAVELLER
260 _aGURGAON
_bHACHETTE INDIA
_c2012
300 _a36
520 _aTHE FULLY ILLUSTRATED LIFE STORIES OF THE WORLD'S MOST INSPIRING PEOPLE!
650 _aBIOGRAPHY
_zINDIA
942 _cBK
999 _c5861
_d5861